[Event "Standard for New Members, April 2006"]
[Site "SchemingMind.com"]
[Date "2006.04.13"]
[Round "-"]
[White "Tahur"]
[Black "bahus"]
[Result "0-1"]
[WhiteCountry "ARG"]
[BlackCountry "FIN"]
[WhiteElo "1295"]
[WhiteRD "135"]
[BlackElo "1947"]
[BlackRD "120"]
[GameID "46438"]

1. e4 d5 2. exd5 Qxd5 3. Nc3 Qd6 4. Nb5 Qb6 5. Nf3 c6 6. Nbd4 Nf6 7. Bc4 Bg4 8. d3 Nbd7 9. h3 Bxf3 10. Nxf3 e6
11. O-O Bd6 12. b3 Qc7 13. Nd4 b5 14. Bxe6 fxe6 15. Nxe6 Qb6 16. Nxg7+ Kf7 17. Be3 c5 18. Bh6 Rhg8 19. Nf5 Rg6 20. Qf3 Rag8
21. g4 Ne5 22. Qe2 Nfxg4 23. hxg4 Nxg4 24. f3 Nxh6+ 25. Kf2 Rg2+ 26. Ke1 Rxe2+ 27. Kxe2 Nxf5 28. Rh1 Ng3+ 29. Kd1 Nxh1
0-1

[Event "Standard for New Members, April 2006"]
[Site "SchemingMind.com"]
[Date "2006.04.15"]
[Round "-"]
[White "FlorianS"]
[Black "bahus"]
[Result "0-1"]
[WhiteCountry "USA"]
[BlackCountry "FIN"]
[WhiteElo "1717"]
[WhiteRD "111"]
[BlackElo "1900"]
[BlackRD "91"]
[GameID "46666"]

1. e4 d5 2. exd5 Qxd5 3. Nc3 Qd6 4. Nf3 Nf6 5. Bc4 a6 6. d3 b5 7. Bb3 Bb7 8. Bg5 Nbd7 9. Qe2 e6 10. a3 Be7
11. h3 c5 12. O-O O-O 13. Rad1 Qc6 14. a4 b4 15. Ne4 h6 16. Bf4 Rfd8 17. Rfe1 a5 18. c4 Nb6 19. Ne5 Qe8 20. Bc2 Bxe4
21. dxe4 Nxa4 22. Rxd8 Bxd8 23. Bb3 Nb6 24. Nd3 Be7 25. Bc7 Qc6 26. Bxb6 Qxb6 27. Ba4 Rd8 28. e5 Nd7 29. b3 Nf8 30. Qf3 Ng6
31. g3 Rd4 32. Re4 Qd8 33. Rxd4 Qxd4 34. Be8 Nh8 35. h4 Kf8 36. Ba4 Qd8 37. h5 f5 38. exf6 gxf6 39. Nf4 Qd6 40. Qe3 Kf7
41. Kg2 f5 42. Nh3 e5 43. f3 Kg7 44. f4 Nf7 45. Be8 e4 46. Qe1 Qd3 47. Ba4 Qf3+ 48. Kh2 Qxh5 49. Qa1+ Bf6 50. Qe1 Bd4
51. Bd7 Nd6 52. Ba4 Kf6 53. Qf1 e3
0-1

[Event "Standard for New Members, April 2006"]
[Site "SchemingMind.com"]
[Date "2006.04.15"]
[Round "-"]
[White "FlorianS"]
[Black "Tahur"]
[Result "1-0"]
[WhiteCountry "USA"]
[BlackCountry "ARG"]
[WhiteElo "1716"]
[WhiteRD "138"]
[BlackElo "1295"]
[BlackRD "135"]
[GameID "46668"]

1. e4 e5 2. Nf3 Nc6 3. Bc4 Bc5 4. c3 Nf6 5. Nxe5 Nxe5 6. d4 Nxe4 7. dxc5 Nxc4 8. Qd4 d5 9. cxd6 cxd6 10. Qxc4 Bf5
11. O-O Rc8 12. Qa4+ Bd7 13. Qxe4+ Be6 14. Qxb7 Rc7 15. Qb5+ Bd7 16. Re1+ Kf8 17. Qd3 g6 18. Bh6+ Kg8 19. Qd4 Qb8 20. Qg7#
1-0

[Event "Standard for New Members, April 2006"]
[Site "SchemingMind.com"]
[Date "2006.04.15"]
[Round "-"]
[White "bahus"]
[Black "FlorianS"]
[Result "0-1"]
[WhiteCountry "FIN"]
[BlackCountry "USA"]
[WhiteElo "1900"]
[WhiteRD "91"]
[BlackElo "1717"]
[BlackRD "111"]
[GameID "46669"]

1. e4 e5 2. Nf3 Nc6 3. d4 exd4 4. Bc4 h6 5. O-O Bc5 6. c3 dxc3 7. Bxf7+ Kxf7 8. Qd5+ Ke8 9. Qh5+ Kf8 10. Qxc5+ d6
11. Qxc3 Nf6 12. Re1 Ng4 13. Nbd2 Qf6 14. Qxf6+ Nxf6 15. a3 Kf7 16. b4 Re8 17. Bb2 Bg4 18. e5 Nh5 19. exd6 Bxf3 20. Nxf3 Rxe1+=
21. Rxe1 cxd6 22. g3 Re8 23. Rxe8 Kxe8 24. Nh4 a5 25. b5 Na7 26. b6 Nc8 27. Nf5 Kf7 28. g4 Nf6 29. f3 d5 30. Kf2 Nxb6
31. Nd6+ Ke7 32. Nxb7 Nc4 33. Bc1 g5 34. h4 gxh4 35. Bxh6 Nxa3 36. Nxa5 Nc4 37. Nxc4 dxc4 38. Kg2 Kf7 39. Kh3 c3 40. Kxh4 c2
41. Bd2 Kg6 42. Kg3 Nd5 43. f4 Nc3 44. f5+ Kf7 45. g5 Ne4+
0-1

[Event "Standard for New Members, April 2006"]
[Site "SchemingMind.com"]
[Date "2006.04.16"]
[Round "-"]
[White "Tahur"]
[Black "FlorianS"]
[Result "0-1"]
[WhiteCountry "ARG"]
[BlackCountry "USA"]
[WhiteElo "1295"]
[WhiteRD "135"]
[BlackElo "1716"]
[BlackRD "138"]
[GameID "46671"]

1. e4 e5 2. Nf3 Nc6 3. Nc3 Nf6 4. Bc4 Nxe4 5. Nxe4 d5 6. Bxd5 Qxd5 7. Nc3 Qa5 8. O-O Bd6 9. d3 h6 10. Bd2 O-O
11. a3 Bg4 12. b4 Qb6 13. Be3 Nd4 14. h3 Bxf3 15. gxf3 Qc6 16. Qd2 Nxf3+ 17. Kg2 Nxd2+ 18. f3 Nxf1 19. Kxf1 Qxf3+ 20. Bf2 Qxh3+
21. Ke2 Qh5+ 22. Kd2 e4 23. Nxe4 Bf4+ 24. Be3 Bxe3+ 25. Kc3 Qe5+ 26. Kb3 Qxa1 27. Nc3 Bd4 28. Nd5 b5 29. Nxc7 Qb2#
0-1

[Event "Standard for New Members, April 2006"]
[Site "SchemingMind.com"]
[Date "2006.04.16"]
[Round "-"]
[White "Theino"]
[Black "FlorianS"]
[Result "1-0"]
[WhiteCountry "USA"]
[BlackCountry "USA"]
[WhiteElo "2167"]
[WhiteRD "96"]
[BlackElo "1677"]
[BlackRD "129"]
[GameID "46754"]

1. e4 e5 2. Nf3 Nc6 3. Bb5 Nd4 4. Nxd4 exd4 5. d3 c6 6. Bc4 d5 7. exd5 cxd5 8. Bb5+ Bd7 9. Bxd7+ Qxd7 10. O-O Bd6
11. Nd2 Ne7 12. Nb3 Nf5 13. Re1+ Be7 14. Qg4 g6 15. Nxd4 h5 16. Qf4 O-O-O 17. Nxf5 gxf5 18. Qd4 b6 19. Bf4 Rhe8 20. Qg7 Bc5
21. Qg3 Rg8 22. Qf3 h4 23. Rad1 f6 24. d4 Bf8 25. Rc1 Bd6 26. Bxd6 Qxd6 27. c4 f4 28. Re6 Qc7 29. Rc3 dxc4 30. Qa8+
1-0

[Event "Standard for New Members, April 2006"]
[Site "SchemingMind.com"]
[Date "2006.04.16"]
[Round "-"]
[White "Theino"]
[Black "bahus"]
[Result "1-0"]
[WhiteCountry "USA"]
[BlackCountry "FIN"]
[WhiteElo "2059"]
[WhiteRD "110"]
[BlackElo "1947"]
[BlackRD "120"]
[GameID "46755"]

1. e4 e5 2. Nf3 Nc6 3. Bb5 a6 4. Ba4 Nf6 5. O-O b5 6. Bb3 Be7 7. Re1 O-O 8. c3 d5 9. exd5 Nxd5 10. Nxe5 Nxe5
11. Rxe5 c6 12. d4 Bd6 13. Re1 Qh4 14. g3 Qh3 15. Re4 g5 16. Qf1 Qh5 17. Nd2 Bh3 18. Qd1 Qg6 19. a4 Rae8 20. Rxe8 Rxe8
21. Nf1 Nf4 22. Bxf4 gxf4 23. Bc2 f5 24. Qf3 Bb8 25. axb5 axb5 26. Ra6 Re1 27. Bd3 Bxf1 28. Bxf1 fxg3 29. hxg3
1-0

[Event "Standard for New Members, April 2006"]
[Site "SchemingMind.com"]
[Date "2006.04.16"]
[Round "-"]
[White "FlorianS"]
[Black "Theino"]
[Result "0-1"]
[WhiteCountry "USA"]
[BlackCountry "USA"]
[WhiteElo "1604"]
[WhiteRD "174"]
[BlackElo "1816"]
[BlackRD "184"]
[GameID "46758"]

1. e4 e5 2. Nf3 Nf6 3. Nc3 Nc6 4. Bc4 Nxe4 5. Nxe4 d5 6. Bb5 dxe4 7. Bxc6+ bxc6 8. Nxe5 Qg5 9. d4 Qxg2 10. Rf1 Bh3
11. Bf4 Qxf1+ 12. Kd2 Qxf2+ 13. Qe2 Qxf4+
0-1

[Event "Standard for New Members, April 2006"]
[Site "SchemingMind.com"]
[Date "2006.04.16"]
[Round "-"]
[White "bahus"]
[Black "Theino"]
[Result "0-1"]
[WhiteCountry "FIN"]
[BlackCountry "USA"]
[WhiteElo "1947"]
[WhiteRD "120"]
[BlackElo "2059"]
[BlackRD "110"]
[GameID "46759"]

1. e4 e5 2. Nf3 Nf6 3. Nxe5 d6 4. Nf3 Nxe4 5. d4 d5 6. Bd3 Nc6 7. O-O Be7 8. c4 Nb4 9. Be2 O-O 10. a3 Nc6
11. cxd5 Qxd5 12. Nc3 Nxc3 13. bxc3 Na5 14. Ne5 Bf5 15. c4 Qd6 16. Be3 c5 17. Nf3 Be4 18. dxc5 Qg6 19. Kh1 Rad8 20. Qa4 Nc6
21. Rfd1 Bc2 22. Qb5 Bxd1 23. Bxd1 Rd7 24. Ba4 Rfd8 25. h3 Bf6 26. Ra2 Qd3 27. Bc2 Qf1+ 28. Kh2 Ne5 29. Be4 Rd1 30. Qxb7 Nxf3+
31. Kg3 Ne1 32. c6 Qxc4
0-1

[Event "Standard for New Members, April 2006"]
[Site "SchemingMind.com"]
[Date "2006.04.19"]
[Round "-"]
[White "Tahur"]
[Black "Theino"]
[Result "0-1"]
[WhiteCountry "ARG"]
[BlackCountry "USA"]
[WhiteElo "1295"]
[WhiteRD "135"]
[BlackElo "2059"]
[BlackRD "110"]
[GameID "46761"]

1. d4 d5 2. Nc3 Nf6 3. Nf3 c5 4. e3 Nc6 5. Bd3 Bg4 6. dxc5 e5 7. h3 Bxf3 8. gxf3 Bxc5 9. a3 O-O 10. f4 exf4
11. exf4 Qe7+ 12. Qe2 Qd7 13. Qf3 Rae8+ 14. Be3 d4 15. O-O-O Qe7 16. Bxd4 Nxd4 17. Qg2 Qc7 18. Bb5 Bxa3 19. Rhg1 g6 20. Rxd4 Qxc3
21. Bxe8 Qxb2+ 22. Kd1 Qxd4+ 23. Ke2 Rxe8+ 24. Kf3 Qc3#
0-1

[Event "Standard for New Members, April 2006"]
[Site "SchemingMind.com"]
[Date "2006.04.17"]
[Round "-"]
[White "cnile"]
[Black "FlorianS"]
[Result "0-1"]
[WhiteCountry "SCO"]
[BlackCountry "USA"]
[WhiteElo "1449"]
[WhiteRD "79"]
[BlackElo "1677"]
[BlackRD "129"]
[GameID "46892"]

1. e4 e5 2. Nf3 Nc6 3. Bb5 d6 4. d4 f6 5. d5 a6 6. Bxc6+ bxc6 7. dxc6 Ne7 8. Nc3 Nxc6 9. O-O Be6 10. Be3 Be7
11. Qe2 O-O 12. Rad1 Qb8 13. Bc1 Na5 14. b3 c5 15. Bd2 h6 16. Nd5 Nc6 17. Qc4 Rf7 18. Nh4 g5 19. Ng6 Kg7 20. Ngxe7 Nxe7
21. Qd3 Nxd5 22. exd5 Bd7 23. c4 Qc8 24. Rde1 a5 25. Qg3 a4 26. b4 a3 27. bxc5 Qxc5 28. h4 Qxc4 29. hxg5 hxg5 30. Bxg5 Rg8
31. Bd2+ Kf8 32. Bh6+ Rfg7 33. Bxg7+ Rxg7 34. Qxa3 Qxd5 35. Rd1 Qxg2#
0-1

[Event "Standard for New Members, April 2006"]
[Site "SchemingMind.com"]
[Date "2006.04.17"]
[Round "-"]
[White "cnile"]
[Black "bahus"]
[Result "0-1"]
[WhiteCountry "SCO"]
[BlackCountry "FIN"]
[WhiteElo "1325"]
[WhiteRD "141"]
[BlackElo "1947"]
[BlackRD "120"]
[GameID "46893"]

1. e4 e5 2. Nf3 Nc6 3. Bb5 a6 4. Ba4 Nf6 5. O-O b5 6. Bb3 Be7 7. Re1 O-O 8. c3 d5 9. d4 exd4 10. exd5 Nxd5
11. cxd4 Bg4 12. Nc3 Nf6 13. Be3 Na5 14. Bc2 Nc4 15. h3 Nxb2 16. Qb1 Bxf3 17. Qxb2 Bb7 18. Rad1 Bd6 19. d5 h6 20. Qb3 Qd7
21. Ne4 Nxd5 22. Nxd6 Qxd6 23. Be4 c6 24. Rd4 Rad8 25. Red1 Qe6 26. Bf3 Qf6 27. Bc1 Nb6 28. Bb2 Qe7 29. Bh5 Rxd4 30. Bxd4 c5
31. Bb2 Nc4 32. Ba1 Qg5 33. Bf3 Bc8 34. Rd5 Qg6 35. Qc3 Bxh3 36. Rh5 Be6 37. Rxh6 Qxh6 38. Bh5 b4 39. Qg3 Qc1+
0-1

[Event "Standard for New Members, April 2006"]
[Site "SchemingMind.com"]
[Date "2006.04.17"]
[Round "-"]
[White "cnile"]
[Black "Tahur"]
[Result "1-0"]
[WhiteCountry "SCO"]
[BlackCountry "ARG"]
[WhiteElo "1325"]
[WhiteRD "141"]
[BlackElo "1295"]
[BlackRD "135"]
[GameID "46895"]

1. e4 e5 2. Nf3 Nc6 3. Bb5 d6 4. d4 a6 5. Ba4 exd4 6. Nxd4 Bd7 7. Bb3 Nf6 8. O-O Nxe4 9. Re1 Qe7 10. Nc3 f5
11. f3 O-O-O 12. fxe4 fxe4 13. Nxe4 Nxd4 14. Qxd4 c5 15. Qc3 Bc6 16. Bg5 Qd7 17. Nxc5 Qg4 18. Be6+ Qxe6 19. Nxe6 Re8 20. Rad1 Kb8
21. Nxf8 Rhxf8 22. Be7 Rf7 23. Bxd6+ Ka8 24. Rxe8+ Ka7 25. Qc5+ b6 26. Qxc6 a5 27. Qa8#
1-0

[Event "Standard for New Members, April 2006"]
[Site "SchemingMind.com"]
[Date "2006.04.17"]
[Round "-"]
[White "cnile"]
[Black "Theino"]
[Result "0-1"]
[WhiteCountry "SCO"]
[BlackCountry "USA"]
[WhiteElo "1325"]
[WhiteRD "141"]
[BlackElo "2059"]
[BlackRD "110"]
[GameID "46896"]

1. d4 d5 2. c4 e6 3. Nf3 Nf6 4. Bg5 Be7 5. e3 O-O 6. Nc3 h6 7. Bh4 b6 8. Bd3 Bb7 9. Rc1 Nbd7 10. O-O c5
11. cxd5 Nxd5 12. Bxe7 Qxe7 13. Be4 Nxc3 14. bxc3 Bxe4 15. Nd2 Bd3 16. Re1 Rfd8 17. Nf3 c4 18. e4 Qa3 19. Re3 Nf6 20. Ne5 Bxe4
21. Nxc4 Qxa2 22. Nd2 Bg6 23. Re5 Rac8 24. Ra1 Qb2 25. Rxa7 Rxc3
0-1

[Event "Standard for New Members, April 2006"]
[Site "SchemingMind.com"]
[Date "2006.04.17"]
[Round "-"]
[White "FlorianS"]
[Black "cnile"]
[Result "1-0"]
[WhiteCountry "USA"]
[BlackCountry "SCO"]
[WhiteElo "1716"]
[WhiteRD "138"]
[BlackElo "1325"]
[BlackRD "141"]
[GameID "46897"]

1. d4 Nf6 2. Nc3 e6 3. Nf3 d5 4. a3 b6 5. Bg5 c5 6. dxc5 Bxc5 7. b4 Be7 8. e3 O-O 9. Ne5 Nbd7 10. Nxd7 Bxd7
11. Bd3 h6 12. Bf4 Rc8 13. Be5 Ne8 14. Ne2 Ba4 15. O-O Nd6 16. Nd4 Nc4 17. Bxc4 Rxc4 18. Qd3 Bf6 19. Bxf6 Qxf6 20. c3 Rfc8
21. Rac1 e5 22. Nf5 d4 23. exd4 a6 24. Ne3 e4 25. Qxe4 Rxc3 26. Rxc3 Rxc3 27. Nd5 Qc6 28. Ne7+
1-0

[Event "Standard for New Members, April 2006"]
[Site "SchemingMind.com"]
[Date "2006.04.17"]
[Round "-"]
[White "bahus"]
[Black "cnile"]
[Result "1-0"]
[WhiteCountry "FIN"]
[BlackCountry "SCO"]
[WhiteElo "1932"]
[WhiteRD "168"]
[BlackElo "1243"]
[BlackRD "234"]
[GameID "46898"]

1. e4 e5 2. Nf3 Nc6 3. d4 exd4 4. Bc4 Qf6 5. O-O Bc5 6. c3 dxc3 7. Nxc3 d6 8. Nd5 Qd8 9. b4 Nxb4 10. Nxb4 Bxb4
11. Qa4+ c6 12. Qxb4 Nf6 13. Re1 O-O 14. Bg5 h6 15. Bxf6 Qxf6 16. e5 dxe5 17. Rxe5 b5 18. Bd3 a5 19. Qe4 g6 20. Bxb5 Bb7
21. Bc4 Rab8 22. Re1 c5 23. Qe3 Bc6 24. Qxh6 Qg7 25. Qf4 Rfe8 26. Rxe8+ Bxe8 27. Qxb8
1-0

[Event "Standard for New Members, April 2006"]
[Site "SchemingMind.com"]
[Date "2006.04.19"]
[Round "-"]
[White "Tahur"]
[Black "cnile"]
[Result "1-0"]
[WhiteCountry "ARG"]
[BlackCountry "SCO"]
[WhiteElo "1295"]
[WhiteRD "135"]
[BlackElo "1325"]
[BlackRD "141"]
[GameID "46900"]

1. e4 c5 2. Nc3 Nc6 3. f3 e6 4. Bb5 a6 5. Bxc6 bxc6 6. d3 d5 7. h3 Bd6 8. a3 Qa5 9. Bd2 Qb6 10. Rb1 Nf6
11. Nge2 O-O 12. Na4 Qc7 13. Bc3 e5 14. exd5 cxd5 15. b4 Bd7 16. bxc5 Bxc5 17. Nxc5 Qxc5 18. Bb4 Qe3 19. Bxf8 Kxf8 20. Qd2 Qc5
21. Qb4 Qxb4+ 22. axb4 d4 23. O-O Rc8 24. Ra1 Bb5 25. c4 dxc3 26. Rfc1 c2 27. Ra5 Bxd3 28. Ng3 Rc3 29. Rxe5 Rb3 30. Nf1 Bxf1
31. Kxf1 Rb1 32. Ree1 Rxb4 33. Rxc2 g6 34. Rc6 Kg7 35. Rxa6 Nd5 36. Kg1 Rb3 37. Kh2 Nf4 38. Rd6 Rb2 39. Rg1 Ne2 40. Rgd1 Nf4
41. R1d2 Rb5 42. R6d4 Ne6 43. Rd5 Rb3 44. Rd7 Rc3 45. Ra7 Kf8 46. Rdd7 h5 47. Rxf7+ Kg8 48. Rf6 g5 49. Rxe6
1-0

[Event "Standard for New Members, April 2006"]
[Site "SchemingMind.com"]
[Date "2006.04.17"]
[Round "-"]
[White "Theino"]
[Black "cnile"]
[Result "1-0"]
[WhiteCountry "USA"]
[BlackCountry "SCO"]
[WhiteElo "1816"]
[WhiteRD "184"]
[BlackElo "1243"]
[BlackRD "234"]
[GameID "46901"]

1. e4 e6 2. d3 c5 3. Nf3 Nc6 4. g3 d5 5. Nbd2 Bd6 6. Bg2 Nge7 7. O-O O-O 8. Nh4 Bd7 9. exd5 exd5 10. c4 d4
11. Ne4 Qc7 12. Qh5 Ne5 13. Nxd6 Qxd6 14. Bf4 N7c6 15. Bxc6 Bxc6 16. Qxe5 Qd7 17. Nf5 f6 18. Qxc5 Rae8 19. Nxd4
1-0

[Event "Standard for New Members, April 2006"]
[Site "SchemingMind.com"]
[Date "2006.04.18"]
[Round "-"]
[White "marble"]
[Black "FlorianS"]
[Result "1-0"]
[WhiteCountry "ENG"]
[BlackCountry "USA"]
[WhiteElo "1604"]
[WhiteRD "80"]
[BlackElo "1677"]
[BlackRD "129"]
[GameID "47085"]

1. e4 e5 2. Nf3 Nc6 3. Bc4 Bc5 4. c3 Na5 5. Nxe5 Nxc4 6. Nxc4 d5 7. d4 Bxd4 8. Qxd4 Nf6 9. e5 Ne4 10. Nbd2 Ng5
11. Ne3 c6 12. h3 O-O 13. O-O Ne6 14. Qg4 Nc5 15. Qg3 Re8 16. Nf3 Ne4 17. Qf4 g5 18. Qh2 f5 19. g3 g4 20. Nd4 Rxe5
21. f4 Re8 22. hxg4 fxg4 23. f5 Qg5 24. Nxd5 Qd8 25. f6 Be6 26. Nxe6
1-0

[Event "Standard for New Members, April 2006"]
[Site "SchemingMind.com"]
[Date "2006.04.18"]
[Round "-"]
[White "marble"]
[Black "bahus"]
[Result "0-1"]
[WhiteCountry "ENG"]
[BlackCountry "FIN"]
[WhiteElo "1711"]
[WhiteRD "143"]
[BlackElo "1932"]
[BlackRD "168"]
[GameID "47086"]

1. e4 e5 2. Nf3 Nc6 3. Bc4 Nf6 4. d4 exd4 5. Nxd4 Nxe4 6. O-O d5 7. Bb5 Bd7 8. Bxc6 bxc6 9. Re1 Be7 10. Be3 O-O
11. Nc3 Bd6 12. Nxe4 dxe4 13. c4 Qh4 14. h3 f5 15. Qb3 Rab8 16. c5+ Rxb3
0-1

[Event "Standard for New Members, April 2006"]
[Site "SchemingMind.com"]
[Date "2006.04.18"]
[Round "-"]
[White "marble"]
[Black "Tahur"]
[Result "1-0"]
[WhiteCountry "ENG"]
[BlackCountry "ARG"]
[WhiteElo "1696"]
[WhiteRD "99"]
[BlackElo "1295"]
[BlackRD "135"]
[GameID "47088"]

1. e4 e5 2. Nf3 Nc6 3. Nc3 Nf6 4. Bb5 Bc5 5. d3 d6 6. h3 a6 7. Bxc6+ bxc6 8. O-O O-O 9. Re1 Re8 10. Be3 Bxe3
11. Rxe3 Rb8 12. b3 Bb7 13. Ne2 c5 14. Ng3 d5 15. c4 dxe4 16. Nxe4 Nxe4 17. dxe4 Qxd1+ 18. Rxd1 g6 19. Rd7 Rbc8 20. Ng5 Bc6
21. Rxf7 h6 22. Rf6 Bb7 23. Rxg6+ Kf8 24. Rf3+ Ke7 25. Re6+ Kd8 26. Rd3+ Bd5 27. Rxd5#
1-0

[Event "Standard for New Members, April 2006"]
[Site "SchemingMind.com"]
[Date "2006.04.18"]
[Round "-"]
[White "marble"]
[Black "Theino"]
[Result "0-1"]
[WhiteCountry "ENG"]
[BlackCountry "USA"]
[WhiteElo "1696"]
[WhiteRD "99"]
[BlackElo "2059"]
[BlackRD "110"]
[GameID "47089"]

1. e4 e5 2. Nf3 Nf6 3. Nc3 Nc6 4. Bc4 Nxe4 5. Bxf7+ Kxf7 6. Nxe4 d5 7. Nfg5+ Kg8 8. Qf3 Qe7 9. Qb3 Qd7 10. Ng3 Be7
11. d3 Nd4 12. Qc3 Bb4 13. O-O Bxc3 14. bxc3 Nxc2 15. Rb1 Qc6 16. Bd2 Qa6 17. Rb2 Qxd3 18. Rd1 Bg4 19. f3 Ne3 20. Re1 Nc4
0-1

[Event "Standard for New Members, April 2006"]
[Site "SchemingMind.com"]
[Date "2006.04.18"]
[Round "-"]
[White "marble"]
[Black "cnile"]
[Result "1-0"]
[WhiteCountry "ENG"]
[BlackCountry "SCO"]
[WhiteElo "1696"]
[WhiteRD "99"]
[BlackElo "1325"]
[BlackRD "141"]
[GameID "47090"]

1. e4 e6 2. d4 d5 3. Nc3 Nf6 4. Bg5 Be7 5. e5 Nfd7 6. h4 Bxg5 7. hxg5 Qxg5 8. Nh3 Qh6 9. Nb5 Kd8 10. Qd3 a6
11. Nc3 Qh4 12. O-O-O Qe7 13. f4 c5 14. dxc5 Qxc5 15. Qg3 g6 16. Bd3 Nc6 17. Ng5 Qe7 18. Nxh7 Nd4 19. Ng5 Rf8 20. Qe3 Nf5
21. Bxf5 gxf5 22. Rh7 Nb8 23. Rdh1 Bd7 24. R1h3 Nc6 25. Qb6+ Kc8 26. Na4 Be8 27. Nc5 Nd8 28. Rc3 Kb8 29. Rhh3 Nc6 30. Nf3 Na7
31. Nxa6#
1-0

[Event "Standard for New Members, April 2006"]
[Site "SchemingMind.com"]
[Date "2006.04.18"]
[Round "-"]
[White "FlorianS"]
[Black "marble"]
[Result "1/2-1/2"]
[WhiteCountry "USA"]
[BlackCountry "ENG"]
[WhiteElo "1717"]
[WhiteRD "111"]
[BlackElo "1668"]
[BlackRD "70"]
[GameID "47091"]

1. e4 e5 2. Nf3 Nc6 3. Bc4 Bc5 4. d3 h6 5. a3 Nf6 6. b4 Bb6 7. c3 d6 8. Nbd2 O-O 9. h3 Re8 10. O-O Ne7
11. Qb3 d5 12. exd5 Nexd5 13. Re1 c6 14. Ne4 Bc7 15. Bxd5 Nxd5 16. c4 Nf6 17. Bb2 Be6 18. Nxe5 Nxe4 19. dxe4 Bxe5 20. Bxe5 Qg5
21. Qc3 b5 22. Re3 Bxh3 23. Bg3 Bd7 24. Rd1 Re7 25. c5 Qg4 26. Rd4 Rae8 27. e5 Qg6 28. Bh4 Rxe5 29. Rxd7 Rxe3 30. fxe3 Qb1+
31. Kh2 Qf5 32. Qd4 Re4 33. Qd3 Rxh4+ 34. Kg1 Qxd3 35. Rxd3 Rc4 36. Rd8+ Kh7=
1/2-1/2

[Event "Standard for New Members, April 2006"]
[Site "SchemingMind.com"]
[Date "2006.04.19"]
[Round "-"]
[White "bahus"]
[Black "marble"]
[Result "1-0"]
[WhiteCountry "FIN"]
[BlackCountry "ENG"]
[WhiteElo "1932"]
[WhiteRD "168"]
[BlackElo "1711"]
[BlackRD "143"]
[GameID "47092"]

1. e4 e5 2. Nf3 Nc6 3. d4 exd4 4. Bc4 Bc5 5. c3 dxc3 6. Bxf7+ Kxf7 7. Qd5+ Ke8 8. Qh5+ g6 9. Qxc5 Qe7 10. Qxc3 Nf6
11. O-O d6 12. Re1 Qf8 13. e5 Nd5 14. exd6+ Kd7 15. Qc4 Qxd6 16. Qg4+ Kd8 17. Bg5+ Nce7 18. Qh4 b6 19. Nc3 Kd7 20. Bxe7 Qb4
21. Bxb4
1-0

[Event "Standard for New Members, April 2006"]
[Site "SchemingMind.com"]
[Date "2006.04.19"]
[Round "-"]
[White "Tahur"]
[Black "marble"]
[Result "0-1"]
[WhiteCountry "ARG"]
[BlackCountry "ENG"]
[WhiteElo "1456"]
[WhiteRD "199"]
[BlackElo "1711"]
[BlackRD "143"]
[GameID "47094"]

1. e4 e5 2. Nf3 Nc6 3. Nc3 Nf6 4. Bc4 Bb4 5. Ng5 O-O 6. Nxf7 Rxf7 7. Bxf7+ Kxf7 8. O-O d6 9. f3 Nh5 10. a3 Bc5+
11. Kh1 Qh4 12. g3 Nxg3+ 13. Kg2 Bh3#
0-1

[Event "Standard for New Members, April 2006"]
[Site "SchemingMind.com"]
[Date "2006.04.18"]
[Round "-"]
[White "Theino"]
[Black "marble"]
[Result "1-0"]
[WhiteCountry "USA"]
[BlackCountry "ENG"]
[WhiteElo "2059"]
[WhiteRD "110"]
[BlackElo "1696"]
[BlackRD "99"]
[GameID "47095"]

1. e4 e5 2. Nf3 Nc6 3. Bb5 Bc5 4. O-O Nf6 5. c3 O-O 6. d4 exd4 7. cxd4 Bb6 8. e5 Nd5 9. Bc4 Nce7 10. Bg5 h6
11. Bxd5 hxg5 12. Nxg5 g6 13. Qg4 Nf5 14. Nxf7 Rxf7 15. Qxg6+ Ng7 16. Bxf7+ Kf8 17. Bd5 Ne6 18. Bxe6 dxe6 19. Rd1 Bxd4 20. Rd3 b6
21. Rf3+
1-0

[Event "Standard for New Members, April 2006"]
[Site "SchemingMind.com"]
[Date "2006.04.18"]
[Round "-"]
[White "cnile"]
[Black "marble"]
[Result "0-1"]
[WhiteCountry "SCO"]
[BlackCountry "ENG"]
[WhiteElo "1243"]
[WhiteRD "234"]
[BlackElo "1711"]
[BlackRD "143"]
[GameID "47096"]

1. e4 e5 2. Nf3 Nc6 3. Bb5 Bc5 4. O-O Nf6 5. d3 h6 6. Nc3 O-O 7. Nxe5 a6 8. Bxc6 bxc6 9. Bf4 Re8 10. h3 Bd6
11. Nxc6 dxc6 12. Be3 c5 13. f4 Be7 14. f5 a5 15. Rf3 Bd6 16. Qd2 Nh7 17. Nd5 Bb7 18. Nf4 Ng5 19. Raf1 Nxf3+ 20. Rxf3 Qh4
21. Kh2 c4 22. g3 Qd8 23. f6 Qxf6 24. Kg2 Bb4 25. Qe2 Qxb2
0-1